| 000 | 01123nam a2200313Ia 4500 | ||
|---|---|---|---|
| 001 | Para_9060 | ||
| 003 | CHAP | ||
| 008 | 220125s2005 xx 000 0 und d | ||
| 010 | _a207837 | ||
| 040 | _cCHAP | ||
| 090 | _aPA TESIS 1923 | ||
| 100 | 1 |
_aCiprián Niño, Fredy _97 |
|
| 245 |
_aInteracción entre el ácaro (Rizoglyphus robustus Nesbitt) y los hongos (Fusarium solani y F. oxysporum) asociados a los bulbos del coquillo (Cyperus esculentus L.), en Chapingo, México / _c por Fredy Ciprián Niño |
||
| 260 |
_aChapingo, Méx. : _b el autor |
||
| 300 | _a30 h. | ||
| 502 | _aTesis (Ing. Agr. Esp. en Parasitología Agrícola) -- UACh. Departamento Parasitología Agrícola | ||
| 650 |
_aCyperus esculentus _930806 |
||
| 650 |
_aFusarium oxysporum _944093 |
||
| 650 |
_aFusarium solani _944097 |
||
| 650 |
_aRizoglyphus robustus _9174312 |
||
| 710 |
_aUACh. Departamento Parasitología Agrícola _9164025 |
||
| 901 | _aPA TESIS 1923 | ||
| 902 | _aA | ||
| 905 | _a0000002005 mx d 0000000000sp 00 | ||
| 910 | _a2005 | ||
| 942 | _cPARA | ||
| 942 |
_cPARA _d2 |
||
| 999 |
_c207837 _d207837 |
||